000 00398nam a2200181Ia 4500
003 0STCL
008 150530s9999 xx 000 0 und d
040 _aSTCL
_cSTCL
100 _aVallathol
245 _aKochu Sita
250 _a13
260 _bCurrent Book; Thrissur
_c1959
_aThrissur
300 _a0
546 _aMalayalam
942 _2ddc
_cBK
999 _c47159
_d47159
005 20220125170721.0